Ehe - Haus - Familie
| Titel: | Ehe - Haus - Familie : soziale Institutionen im Wandel 1750 - 1850 / Inken Schmidt-Voges (Hg.) |
|---|---|
| Beteiligt: | |
| Veröffentlicht: | Köln : Böhlau, 2010 |
| Umfang: | 324 Seiten : Illustrationen, Diagramme ; 230 mm x 155 mm |
| Format: | Buch |
| Sprache: | Deutsch |
| RVK-Notation: |
·
·
|
| ISBN: | 9783412205393 |
| Hinweise zum Inhalt: |
Inhaltstext
Inhaltsverzeichnis |
alg: 22008943
001A $00004:27-01-10
001B $01999:28-04-24 $t12:17:22.000
001D $00004:27-01-10
001U $0utf8
001X $00
002@ $0Aau
002C $aText $btxt $2rdacontent
002D $aohne Hilfsmittel zu benutzen $bn $2rdamedia
002E $aBand $bnc $2rdacarrier
003@ $0220089434
003O $0586999094 $aOCoLC
004A $A978-3-412-20539-3 $fGB. : ca. EUR 42.90, ca. EUR 44.10 (AT)
004K $09783412205393
006C $0602467061 $aOCoLC
006G $099887938X
006H $0TOCIMA1147 $2DNB
006L $0615961762 $2GBV
006T $010,N01
006U $010,A15 $f20091207
007A $099887938X $aDNB
007G $0DE004C9E5540A621B524FC1257752005408B9
007T $0Herdc0064445m
009P $qtext/html $A2 $3Inhaltstext $uhttp://deposit.dnb.de/cgi-bin/dokserv?id=3395583&prov=M&dok_var=1&dok_ext=htm $mX:MVB
009P $qapplication/pdf $A2 $3Inhaltsverzeichnis $uhttp://scans.hebis.de/HEBCGI/show.pl?22008943_toc.pdf $mV:DE-603;B:DE-17
010@ $ager
011@ $a2010
013D $RWissenschaftliche Literatur $RAufsatzsammlung $71071861417 $8Konferenzschrift [Ts1] $9359646190 $y2007 $zOsnabrück
021A $aEhe - Haus - Familie $dsoziale Institutionen im Wandel 1750 - 1850 $hInken Schmidt-Voges (Hg.)
028C $BHerausgeber $#Voges, Inken Schmidt- $4edt $7128904720 $8Schmidt-Voges, Inken$Z1973- [Tp3] $9159325161
033A $pKöln $nBöhlau
034D $a324 Seiten
034I $a230 mm x 155 mm
034M $aIllustrationen, Diagramme
039U $aRezensiert in $8--Aox--Hahn, Philip. Ehe - Haus - Familie. - Köln {[u.a.] : Böhlau. - 2010 [Rezension], 2011 $9394930819
039U $aRezensiert in $8--Aox--Kropf, Rudolf. Ehe - Haus - Familie. - Köln {[u.a.] : Böhlau. - 2010 [Rezension], 2011 $9395067707
039U $aRezensiert in $8--Aox--Ackermann, Astrid. Ehe - Haus - Familie. - Köln {[u.a.] : Böhlau. - 2010 [Rezension], 2013 $9395151708
039U $aRezensiert in $8--Oou--Hoock, Jochen$Z1939-2019 [Tp3]. [Inken Schmidt-Voges (dir.): Ehe - Haus - Familie], 2015. - DOI 10.4000/ifha.8100 $9471370444
044K $qDNB $RFamilie $REheliche Lebensgemeinschaft $#Married people $#Married people Psychology $#Marriage $#Couples $#Couples Psychologie $#Mariage $#Ehe $#Ehe $#Eheleben $#Ehen $74013630-9 $8Ehe [Ts1] $9085030112
044K $qDNB $RFamilienbeziehung $RFamilienkonstellation $#Families $#Famille $#Familienstruktur $#Familie Struktur $74274900-1 $8Familienstruktur [Ts1] $9086476254
044K $qDNB $74120431-1 $8Haushaltsstruktur [Ts1] $9085384461
044N $aHaus, Heirat, Inszenierung, Strategie
045E $c300
045F $a306.8509033 $eDDC22ger
045F/01 $a306.85
045F/03 $f09033
045R $aSozialgeschichte 1750-1850
045Z $8LB 41005 [Tkv] $9409504424
045Z $8MS 1930 [Tkv] $9410833495
045Z $8NW 8150 [Tkv] $941095294X
lok: 22008943 3
101B $021-05-10 $t17:14:04.000
101C $021-05-10
101U $0utf8
145S/01 $a039
exp: 22008943 3 1 #EPN
201B/01 $025-03-11 $t13:12:12.000
201C/01 $011-02-10
201U/01 $0utf8
203@/01 $0588423173
208@/01 $a21-05-10 $bzCh
209A/01 $a02/NW 8150 S354 $du $f330 $h02 NW 8150 S354 $x00
209B/01 $a4401 $x05
209B/01 $a4599 $x07
209C/01 $aBzG-EXC-2010/64
209G/01 $a1003779521 $x00
247C/01 $8601330-2 <30/330>Frankfurt, Universitätsbibliothek J. C. Senckenberg, Bibliothekszentrum Geisteswissenschaften (BzG) $9102599378
lok: 22008943 8
exp: 22008943 8 1 #EPN
201B/01 $007-11-12 $t20:02:03.000
201C/01 $011-06-10
201U/01 $0utf8
203@/01 $0594268109
208@/01 $a30-06-10 $bz
209A/01 $a/LB 41005 S354 $du $f000 $x00
209G/01 $a17911899 $x00
209G/01 $a3. Obergeschoss $x01
247C/01 $8611000-9 <17>Darmstadt, TU Darmstadt, Universitäts- und Landesbibliothek - Stadtmitte $9102595879
lok: 22008943 23
exp: 22008943 23 1 #EPN
201B/01 $008-02-17 $t11:35:07.000
201C/01 $026-05-10
201U/01 $0utf8
203@/01 $0593358201
208@/01 $a14-06-10 $bz
209A/01 $a35 2010 A 1269 $du $f030 $h2010 A 1269 $x00
209G/01 $a25683951 $x00
209G/01 $aSonderstandort Magazin Oberzwehren $x01
247C/01 $8352030-4 <34/30>Kassel, UB Kassel, Standort Brüder-Grimm-Platz, Landesbibliothek und Murhardsche Bibliothek der Stadt Kassel $9102599475
lok: 22008943 78
exp: 22008943 78 1 #EPN
201B/01 $019-04-17 $t14:58:18.000
201U/01 $0utf8
203@/01 $079192887X
208@/01 $a12-11-16 $be
209A/01 $a/ $f000 $x00
220C/01 $aTitelaufnehmer: pg
220C/01 $aHerkunft: HI Marburg
244Z/01 $2Trx $#dzieło zbiorowe $8--Trx--Sammelwerk $x01 $9391384597
247C/01 $82080>Marburg/Lahn, Herder-Institut, Forschungsbibliothek, Bibliographieportal $9336309341
lok: 22008943 205
exp: 22008943 205 1 #EPN
201B/01 $002-11-20 $t11:56:37.000
201C/01 $019-05-11
201U/01 $0utf8
203@/01 $0620594454
208@/01 $a08-07-11 $bz
209A/01 $a001 NW 8150 S354 $db $f000 $x00
209C/01 $anel1107h
209C/01 $a1 2011/07094
209G/01 $a51836359 $x00
220C/01 $aelektronischer SemApp N6 Schmidt-Voges
247C/01 $8351000-1 <4>Marburg, Universität Marburg, Universitätsbibliothek $9102594767
exp: 22008943 205 2 #EPN
201B/02 $006-06-23 $t13:54:49.000
201C/02 $027-01-10
201U/02 $0utf8
203@/02 $0587742135
208@/02 $a26-03-10 $bz
209A/02 $a001 XBX Soziol.50.2010 $db $f000 $x00
209C/02 $a(192) 10/51
209C/02 $a2010/1251-Qu
209C/02 $anel1003qu
209G/02 $a57919086 $x00
220B/02 $aaltbik192
247C/02 $8351000-1 <4>Marburg, Universität Marburg, Universitätsbibliothek $9102594767
| LEADER | 00000cam a2200000 c 4500 | ||
|---|---|---|---|
| 001 | 220089434 | ||
| 003 | DE-603 | ||
| 005 | 20240428121722.0 | ||
| 007 | tu | ||
| 008 | 100127s2010 xx |||| | u10||u|ger | ||
| 015 | |a 10,A15 |z 10,N01 |2 dnb | ||
| 016 | 7 | |2 DE-101 |a 99887938X | |
| 020 | |a 9783412205393 |c GB. : ca. EUR 42.90, ca. EUR 44.10 (AT) | ||
| 024 | 3 | |a 9783412205393 | |
| 035 | |a (DE-599)DNB99887938X | ||
| 035 | |a (DE-601)615961762 | ||
| 035 | |a (OCoLC)586999094 | ||
| 040 | |a DE-603 |b ger |c DE-603 |d DE-603 | ||
| 041 | |a ger | ||
| 082 | 0 | 4 | |8 1\u |a 306.8509033 |q DE-101 |2 22/ger |
| 084 | |a 300 |q DE-101 |2 sdnb | ||
| 084 | |a LB 41005 |0 (DE-625)90550:774 |0 (DE-603)409504424 |2 rvk | ||
| 084 | |a MS 1930 |0 (DE-625)123625: |0 (DE-603)410833495 |2 rvk | ||
| 084 | |a NW 8150 |0 (DE-625)132307: |0 (DE-603)41095294X |2 rvk | ||
| 085 | |8 1\u |b 306.85 | ||
| 085 | |8 1\u |z 1 |s 09033 | ||
| 245 | 0 | 0 | |a Ehe - Haus - Familie |b soziale Institutionen im Wandel 1750 - 1850 |c Inken Schmidt-Voges (Hg.) |
| 264 | 1 | |a Köln |b Böhlau |c 2010 | |
| 300 | |a 324 Seiten |b Illustrationen, Diagramme |c 230 mm x 155 mm | ||
| 336 | |a Text |b txt |2 rdacontent | ||
| 337 | |a ohne Hilfsmittel zu benutzen |b n |2 rdamedia | ||
| 338 | |a Band |b nc |2 rdacarrier | ||
| 648 | 7 | |a Sozialgeschichte 1750-1850 |2 gnd | |
| 650 | 7 | |a Ehe |0 (DE-588)4013630-9 |0 (DE-603)085030112 |2 gnd | |
| 650 | 7 | |a Familienstruktur |0 (DE-588)4274900-1 |0 (DE-603)086476254 |2 gnd | |
| 650 | 7 | |a Haushaltsstruktur |0 (DE-588)4120431-1 |0 (DE-603)085384461 |2 gnd | |
| 655 | 7 | |a Konferenzschrift |y 2007 |z Osnabrück |2 gnd-content |0 (DE-588)1071861417 |0 (DE-603)359646190 | |
| 700 | 1 | |a Schmidt-Voges, Inken |d 1973- |e Herausgeber |4 edt |0 (DE-603)159325161 |0 (DE-588)128904720 |2 gnd | |
| 787 | 0 | 8 | |i Rezensiert in |a Hahn, Philip |t Ehe - Haus - Familie. - Köln [u.a.] : Böhlau. - 2010 [Rezension] |w (DE-603)394930819 |
| 787 | 0 | 8 | |i Rezensiert in |a Kropf, Rudolf |t Ehe - Haus - Familie. - Köln [u.a.] : Böhlau. - 2010 [Rezension] |w (DE-603)395067707 |
| 787 | 0 | 8 | |i Rezensiert in |a Ackermann, Astrid |t Ehe - Haus - Familie. - Köln [u.a.] : Böhlau. - 2010 [Rezension] |w (DE-603)395151708 |
| 787 | 0 | 8 | |i Rezensiert in |a Hoock, Jochen, 1939-2019 |t [Inken Schmidt-Voges (dir.): Ehe - Haus - Familie] |o 10.4000/ifha.8100 |w (DE-603)471370444 |
| 856 | 4 | 2 | |m X:MVB |q text/html |u http://deposit.dnb.de/cgi-bin/dokserv?id=3395583&prov=M&dok_var=1&dok_ext=htm |3 Inhaltstext |
| 856 | 4 | 2 | |m V:DE-603;B:DE-17 |q application/pdf |u http://scans.hebis.de/HEBCGI/show.pl?22008943_toc.pdf |3 Inhaltsverzeichnis |
| 924 | 0 | |9 30/330 |a (DE-603)588423173 |b DE-30-330 |c HES |d d |g 02/NW 8150 S354 | |
| 924 | 0 | |9 17 |a (DE-603)594268109 |b DE-17 |c HES |d c |g /LB 41005 S354 |h 3. Obergeschoss | |
| 924 | 0 | |9 34/30 |a (DE-603)593358201 |b DE-34-30 |c HES |d c |g 35 2010 A 1269 |h Sonderstandort Magazin Oberzwehren | |
| 924 | 0 | |9 2080 |a (DE-603)79192887X |b DE-2080 |c HES |d d |g / | |
| 924 | 0 | |9 4 |a (DE-603)620594454 |b DE-4 |c HES |d c |g 001 NW 8150 S354 | |
| 924 | 0 | |9 4 |a (DE-603)587742135 |b DE-4 |c HES |d c |g 001 XBX Soziol.50.2010 | |


